[Event "XIX Sants Open 2017"]
[Site "Cotxeres de Sants"]
[Date "2017.08.27"]
[Round "10"]
[White "Suarez Uriel, Adrian"]
[Black "Grigoryan, Karen H"]
[Result "0-1"]
[WhiteElo "2406"]
[BlackElo "2570"]
[Annotator "TA"]
[PlyCount "66"]
[EventDate "2017.??.??"]
[EventType "swiss"]
[EventCountry "ESP"]
[SourceTitle "playchess.com"]
[Source "ChessBase"]
[SourceQuality "1"]

{[%evp 17,66,42,32,-38,-20,-72,-72,-67,-33,-66,-66,-147,-93,-98,-99,-168,-145,-160,-159,-194,-186,-201,-193,-178,-158,-245,-252,-360,-298,-548,-444,-448,-439,-983,-408,-395,-400,-401,-366,-602,-571,-731,-726,-694,-691,-29986,-29987,-29987,-29988,-29989,-29990]} 1. e4 c5 2. Nf3 d6 3. d4 cxd4 4. Nxd4 Nf6 {[%cal Bg8f6,Bf6d7,Bd7e5,Be5d3][%mdl 32]} 5. Nc3 a6 6. h3 e6 7. g4 Be7 {B81: Sicilian Scheveningen: Keres Attack} 8. g5 Nfd7 9. h4 b5 {[%cal Bb7b5,Bb5b4][%mdl 32] LiveBook: 63 Games. White is slightly better.} 10. Bd3 $146 (10. a3 $14) ({Predecessor:} 10. a3 Bb7 11. Be3 Nc6 12. Qd2 O-O 13. O-O-O Nc5 14. f3 Rb8 15. Kb1 Nxd4 16. Bxd4 {½-½ (51) Harikrishna,P (2737)-Nepomniachtchi,I (2742) Geneve 2017}) 10... Bb7 11. Qh5 (11. a3 $11) 11... O-O 12. Be3 b4 13. Nce2 Ne5 14. Nf4 (14. Ng3 $1 $15) 14... g6 ({Better is} 14... Qd7 15. Nb3 Nxd3+ 16. cxd3 e5) 15. Qe2 $17 Nxd3+ 16. Nxd3 (16. cxd3 $17 e5 17. Nde6 fxe6 18. Nxe6) 16... e5 $36 {[%mdl 2048] Black is really pushing.} 17. Nb3 Bxe4 18. f3 Bf5 $1 19. Nxb4 d5 $1 20. Nd3 Nc6 21. O-O-O (21. Rd1 $17 {was necessary.}) 21... a5 22. a4 (22. Bf2 {keeps fighting.} a4 23. Nbc5) 22... Rc8 23. f4 $2 (23. Bd2) 23... Nb4 24. Nxb4 Bxb4 25. c3 {[#]} (25. fxe5 $142 Rxc2+ 26. Qxc2 Bxc2 27. Kxc2) 25... Qd7 (25... Bxc3 $142 $1 {[%mdl 512] ...Bd4+ is the strong threat.} 26. bxc3 Rxc3+ 27. Kb2 d4 28. Nxd4 {[#]} Qd6 $1 {[%mdl 512]}) 26. Qb5 Qxb5 27. axb5 a4 28. Na1 $2 (28. Kd2) 28... d4 29. Bxd4 exd4 30. Rxd4 Bc5 31. Rxa4 Be3+ {Black mates.} 32. Kd1 Rcd8+ 33. Ke2 Rfe8 {Precision: White = 23%, Black = 71%.} 0-1

[Event "XIX Sants Open 2017"]
[Site "Cotxeres de Sants"]
[Date "2017.08.27"]
[Round "10"]
[White "Souleidis, Georgios"]
[Black "Ortiz Suarez, Isan Reynaldo"]
[Result "0-1"]
[WhiteElo "2397"]
[BlackElo "2556"]
[Annotator "TA"]
[PlyCount "75"]
[EventDate "2017.??.??"]
[EventType "swiss"]
[EventCountry "ESP"]
[SourceTitle "playchess.com"]
[Source "ChessBase"]
[SourceQuality "1"]

{[%evp 16,75,25,17,40,14,29,-1,0,0,14,0,0,0,4,0,9,-11,1,-37,-21,-54,-41,-77,-33,-81,-46,-54,-67,-77,-56,-108,-117,-113,-90,-126,-111,-141,-23,-20,80,-106,-106,-138,-33,-327,-318,-344,-224,-397,-302,-270,-267,-248,-233,-324,-163,-167,-32,-341,-339,-279]} 1. e4 c5 2. Nf3 d6 3. d4 cxd4 4. Nxd4 Nf6 5. Nc3 a6 6. g3 e6 7. Bg2 Be7 8. O-O O-O 9. f4 Nc6 {B80: Sicilian Scheveningen: 6 g3 and 6 Be3, including English Attack} (9... Qc7 10. g4 Re8 11. f5 Bf8 12. g5 Nfd7 13. fxe6 fxe6 14. Nxe6 Rxe6 15. Qf3 Re7 16. Nd5 Qd8 17. g6 Nf6 18. Bg5 {1-0 (34) Naiditsch,A (2700)-Shchekachev,A (2538) Chartres 2017}) 10. Nxc6 bxc6 11. e5 Qb6+ $146 {The position is equal.} ({Predecessor:} 11... Nd5 12. Ne4 dxe5 13. fxe5 Qb6+ 14. Kh1 Ne3 15. Bxe3 Qxe3 16. Nf6+ Kh8 17. Qh5 Bxf6 18. exf6 {1-0 (27) Tadjerbashi,A (2182)-Andersen,M (2070) Copenhagen 2007}) 12. Kh1 dxe5 13. fxe5 Nd7 $1 14. Qh5 Qa5 15. Bf4 Rb8 16. Rab1 ({But not} 16. Be4 $2 f5 $19) 16... f5 17. a3 {[%cal Ba2a3,Ba3a4,Ba4a5][%mdl 32]} Qc7 (17... g6 $5 {[%cal Rg6h5]} 18. Qe2 g5 $11) 18. Rfe1 Bb7 19. Qe2 Nb6 (19... g5 $5 {[%cal Rg5f4]} 20. Be3 c5 $15) 20. a4 c5 {[%cal Bc6c5,Bc5c4][%mdl 32]} 21. a5 Bxg2+ 22. Qxg2 Nc8 23. Qe2 (23. b3 $15) 23... c4 $17 24. Red1 Bb4 25. Qf3 Bxa5 26. Ra1 Rxb2 {[#]} (26... Bxc3 $1 $17 27. Qxc3 Ne7) 27. Nd5 $1 $11 {[%cal Rd5c7][%mdl 512]} Qc5 {[#]} (27... Qf7 $11 {remains equal.}) (27... exd5 28. Qxd5+) 28. Be3 $2 (28. Bc1 $1 $16 {[%cal Rc1b2] is necessary to keep the advantage.} c3 29. Nf4 Qxe5 30. Nd3) 28... Qb5 $17 29. Bd4 {[#]} Rxc2 (29... c3 $1 $17 30. Nxc3 Bxc3 31. Qxc3 Rb4) 30. Nf4 $2 {[%mdl 8192]} (30. Ne3 $1 $15 Rd2 31. Rdb1) 30... Re8 $19 31. g4 fxg4 32. Qxg4 $2 (32. Qe4 Rd2 33. Rdb1 Rxd4 34. Qxd4 Qc6+ 35. Ng2) 32... Qb7+ 33. Kg1 Bb6 {...Na7 is the strong threat.} 34. Nxe6 Qf7 {( -> ...Bxd4+)} 35. Nf4 h5 (35... Qc7 $142 36. Bxb6 Qxb6+ 37. Kh1 Qc6+ 38. Ng2 h5) 36. Qg5 Rf8 (36... Qc7 $19 {White must now prevent ...Rxe5.} 37. Bxb6 Qxb6+ 38. Kh1 Qb7+ 39. Kg1 Qf3) 37. e6 $2 {[%mdl 8192]} (37. Bxb6 $15 Nxb6 38. e6 Qxf4 39. Qxf4 Rxf4 40. Rd8+ Kh7 41. e7 Rg4+ 42. Kh1) 37... Qa7 38. Qe5 {Precision: White = 26%, Black = 38%.} 0-1

[Event "XIX Sants Open 2017"]
[Site "Cotxeres de Sants"]
[Date "2017.08.27"]
[Round "10"]
[White "Martin, Julian"]
[Black "Praggnanandhaa R"]
[Result "1-0"]
[WhiteElo "2353"]
[BlackElo "2487"]
[Annotator "TA"]
[PlyCount "159"]
[EventDate "2017.??.??"]
[EventType "swiss"]
[EventCountry "ESP"]
[SourceTitle "playchess.com"]
[Source "ChessBase"]
[SourceQuality "1"]

{[%evp 23,159,18,24,21,37,4,27,14,31,38,39,12,9,0,18,14,18,28,25,26,27,22,27,27,39,39,43,40,38,2,4,0,0,0,0,-39,-6,-76,-87,-112,-120,-139,-144,-130,-144,-155,-92,-138,-119,-204,-160,-185,-175,-189,-192,-206,-192,-205,-81,-81,-81,-69,103,114,114,114,111,75,88,0,0,0,0,0,29,29,28,31,37,47,112,108,93,58,66,56,125,132,140,120,130,166,182,195,203,207,342,346,309,319,280,239,291,327,302,280,371,343,369,349,352,218,270,0,308,324,766,763,1440,1291,1247,1278,949,1141,1141,1141,1141,1141,1126,1110,1000,956,797,718,5406,4627,29967,29968]} 1. e4 e5 2. Nf3 Nc6 3. Nc3 Nf6 4. Bb5 Bb4 5. O-O O-O 6. d3 d6 7. Bg5 Bxc3 8. bxc3 Qe7 9. Re1 Nd8 10. d4 Ne6 11. Bc1 Rd8 12. Bf1 Nf8 {LiveBook: 9 Games. C49: Four Knights: 4 Bb5 Bb4} (12... c5 13. g3 Nf8 14. Nh4 h6 15. a4 Qc7 16. a5 Bd7 17. Nf5 Ng6 18. Ne3 Ne7 19. dxe5 dxe5 20. Qf3 Qc6 21. Bd3 {½-½ (40) Ivanchuk,V (2731)-Nakamura,H (2786) Antalya 2013}) 13. Nh4 {[#]} Re8 $146 ({Predecessor:} 13... Nxe4 14. Rxe4 f5 15. Nxf5 Bxf5 16. Re1 Qf6 17. Qf3 b6 18. Qg3 Re8 19. Bg5 Qf7 20. dxe5 Rxe5 21. Rxe5 dxe5 22. Qxe5 {1-0 (43) Gallagher,J (2519)-Sorokin,M (2538) Kolkata 2001}) 14. g3 b6 {The position is equal.} 15. Bg2 Bb7 16. Nf5 Qd8 17. d5 Bc8 18. Ne3 a5 19. Rb1 Ba6 20. Qf3 h6 21. h4 N6h7 22. Bh3 Qf6 23. Qd1 Bc8 24. Bxc8 Raxc8 25. Nf5 Kh8 26. Kh2 Ng6 (26... g6 $6 27. Nxh6 Nd7 28. Ng4 $16) 27. f3 Ne7 $36 {[%mdl 2048] Black is pushing.} 28. Ne3 Qg6 29. g4 h5 $1 30. Rg1 (30. Nf5 $11) 30... hxg4 $1 $17 31. Rxg4 Qh5 $1 32. Nf1 {Ng3 is the strong threat.} f5 33. Ng3 Qf7 34. exf5 Nxf5 (34... Nxd5 $142 35. Qd3 Ndf6) 35. Ne4 Rf8 36. Kg2 (36. Qd3 $17 {was necessary.}) 36... Qh5 37. Qh1 Nf6 38. Nxf6 gxf6 (38... Rxf6 39. Bg5 $17) 39. Bd2 Rg8 40. Qh3 Rxg4+ (40... e4 $19 {has better winning chances.} 41. Kf2 e3+ $1 {[%mdl 512]} 42. Bxe3 Nxe3 43. Kxe3 Rce8+ 44. Kf2 Qxd5) 41. fxg4 Rg8 42. Bg5 {[#]} Qg6 $2 (42... Ne3+ $1 $15 {[%mdl 512] keeps the upper hand.} 43. Kg3 (43. Bxe3 $2 Rxg4+ 44. Kf1 Qf5+ 45. Bf2 Rg1+ 46. Kxg1 Qxh3 $19) 43... Qxg4+ $1 {[%mdl 512]} 44. Qxg4 Nxg4 45. Kxg4 fxg5) 43. Rf1 $16 Nh6 44. Bxf6+ Kh7 45. g5 {Hoping for Qf3.} Qe4+ 46. Kg1 ({Better is} 46. Qf3 $16 Qxh4 47. Rh1 Rxg5+ 48. Bxg5 Qxg5+ 49. Kh3) 46... Ng4 $11 47. Qd3 Qxd3 48. cxd3 {[%mdl 4096] Endgame KRB-KRN} Ne3 49. Rf3 Nxd5 50. c4 Nf4 51. Kf2 Nh5 ({Black should play} 51... Kg6 $14) 52. Ke3 $16 Kg6 53. d4 exd4+ $1 54. Kxd4 c6 (54... Re8 $14) 55. Be7 Re8 56. Bxd6 Re2 57. a3 Rd2+ 58. Rd3 Rg2 59. Bc7 b5 (59... Rg4+ $142 60. Ke5 Rxc4 61. Rd6+ (61. Bxb6 Rxh4 62. Rd6+ Kg7 $18) 61... Kg7) 60. cxb5 $18 ({Not} 60. Bxa5 Rg4+ 61. Ke5 Rxc4 $18) 60... cxb5 61. Bxa5 Nf4 62. Re3 Rg4 {[#]} 63. Kc5 $1 Rxh4 64. Kxb5 Rh8 65. Re5 Nd3 {[#]} 66. Rd5 $1 {[%cal Rd5d3]} Nf4 67. Rd4 Ne2 68. Rd5 Nf4 69. Rd7 Rb8+ $2 (69... Re8 70. Bd2 Re5+ 71. Kc4 Ne6) 70. Bb6 Ne2 71. Rd8 Rb7 72. Kc6 Re7 73. Rd6+ Kh5 74. a4 {[%cal Ba3a4,Ba4a5][%mdl 32]} Nc3 75. a5 Ne4 76. Rd7 Re6+ 77. Kc7 Kxg5 78. a6 Nc3 79. Kb7 Na4 80. Bd4 {Precision: White = 63%, Black = 53%.} 1-0

[Event "XIX Sants Open 2017"]
[Site "Cotxeres de Sants"]
[Date "2017.08.27"]
[Round "10"]
[White "Lemeaux, David"]
[Black "Gonzalez Acosta, Bernal"]
[Result "0-1"]
[WhiteElo "2339"]
[BlackElo "2467"]
[Annotator "TA"]
[PlyCount "96"]
[EventDate "2017.??.??"]
[EventType "swiss"]
[EventCountry "ESP"]
[SourceTitle "playchess.com"]
[Source "ChessBase"]
[SourceQuality "1"]

{[%evp 9,96,28,39,22,25,22,28,29,45,45,43,42,41,29,38,27,44,35,47,29,42,52,53,46,41,53,40,20,29,22,72,34,49,60,93,105,123,34,105,28,50,9,87,43,105,28,43,39,36,0,0,0,-1,0,0,0,6,0,0,0,0,0,0,-78,-80,-87,-77,-132,-129,-111,-131,-312,-308,-279,-282,-288,-272,-682,-685,-716,-716,-2338,-611,-6389,-6270,-5457,-5418,-2376,-2348]} 1. d4 d5 2. c4 c6 3. Nf3 Nf6 4. e3 a6 5. Be2 (5. Bd3 Bg4 6. Nbd2 e6 7. h3 Bh5 8. b3 Nbd7 9. Bb2 Bg6 10. Bxg6 hxg6 11. Qc2 Bb4 12. O-O O-O 13. Bc3 Bxc3 14. Qxc3 {1-0 (63) Nakamura,H (2785)-Carlsen,M (2832) Paris 2017}) 5... Bf5 {LiveBook: 8 Games} 6. O-O {D11: Slav Defence: 3 Nf3 sidelines and 3...Nf6 4 e3 Bg4} e6 7. Nh4 Be4 8. Nc3 {White has an edge.} h6 $146 ({Predecessor:} 8... Nbd7 9. Nxe4 dxe4 10. g3 Be7 11. Qc2 O-O 12. b3 Qc7 13. Bb2 Rad8 {½-½ (60) Vaibhav,S (2551)-Abhishek,K (2400) Pune 2015}) 9. Nxe4 dxe4 10. g3 Be7 11. Qb3 Qc7 12. Bd2 O-O 13. f4 exf3 14. Bxf3 Nbd7 15. Rad1 Nh7 16. Bg2 Bxh4 17. gxh4 e5 18. Be1 Nhf6 19. Qc2 exd4 20. Bg3 ({Don't play} 20. Rxd4 $6 Qe5 $11) 20... Qa5 21. exd4 Ng4 22. Qb3 Qb6 {Black wants to play ...Qxb3.} 23. Qc3 (23. Rd3 $16) 23... Rfe8 (23... Ngf6 $14) 24. Rde1 ({White should try} 24. c5 $1 $16 {[%cal Rc5b6]} Qb5 25. Rde1) 24... a5 $11 25. b3 {[%cal Bb2b3,Bb3b4][%mdl 32]} a4 (25... Ngf6 $11) 26. b4 a3 (26... Ngf6 $14) 27. h3 (27. c5 $1 $16 Qa6 28. d5) 27... Ngf6 28. Bf2 (28. b5 $5) 28... Qa6 29. Rxe8+ Rxe8 30. Re1 Rxe1+ 31. Bxe1 Qa4 32. Bf3 Qa7 33. Bf2 Qa6 34. Qd3 b5 35. cxb5 cxb5 36. Be2 (36. Kg2 $11 {keeps the balance.}) 36... Qe6 $17 37. d5 Nxd5 38. Bg4 (38. Bf1 $142) 38... Qc6 {Hoping for ...N7f6.} 39. Qxa3 Ne5 $36 {[%mdl 2048] Keeping White busy.} 40. Bd1 $2 (40. Qg3 $17 Qc1+ 41. Kg2 Nf4+ 42. Kh2) 40... Nf4 $19 {[%csl Gf4][%cal Rc6g2]} 41. Qg3 {[#]} Qc1 $1 {[%cal Rc1d1]} 42. Kh2 {[#]} Ned3 $1 43. Qf3 $2 (43. Be3 Qxd1 44. Bxf4) 43... Qd2 {Black is clearly winning.} 44. Kg3 {[#]} Nh5+ $1 {[%mdl 512]} 45. Kg2 (45. Qxh5 Qxf2+) 45... Nxf2 (45... Ne1+ $142 46. Kg1 Nxf3+ 47. Bxf3 Nf4) 46. Qa8+ Kh7 47. Bxh5 Ng4+ 48. Kf3 Qf2+ {Precision: White = 36%, Black = 61%.} 0-1

[Event "XIX Sants Open 2017"]
[Site "Cotxeres de Sants"]
[Date "2017.08.27"]
[Round "10"]
[White "Karthik Venkataraman"]
[Black "Novikov, Stanislav"]
[Result "1/2-1/2"]
[WhiteElo "2316"]
[BlackElo "2538"]
[Annotator "TA"]
[PlyCount "83"]
[EventDate "2017.??.??"]
[EventType "swiss"]
[EventCountry "ESP"]
[SourceTitle "playchess.com"]
[Source "ChessBase"]
[SourceQuality "1"]

{[%evp 13,83,14,23,18,19,14,22,14,28,-13,-18,-13,-12,-6,-14,0,0,-14,0,-6,5,5,0,0,0,0,0,0,0,0,0,0,0,-1,-1,-10,-10,-5,-6,-10,-8,-46,0,0,0,0,0,0,0,0,0,0,0,0,28,28,44,0,0,0,0,0,0,0,0,0,0,0,0,0,0,0]} 1. e4 c5 2. Nf3 e6 3. d4 cxd4 4. Nxd4 a6 5. c4 Nf6 6. Nc3 Bb4 7. Qc2 Qc7 {LiveBook: 37 Games. B41: Sicilian: Kan Variation: 5 c4} (7... O-O {is interesting.} 8. Be2 e5 9. Nb3 a5 10. a4 d6) (7... O-O 8. e5 Ng4 9. f4 Bc5 10. Nf3 Nc6 11. Ne4 Bb4+ 12. Nc3 Bc5 13. Ne4 Bb4+ 14. Nc3 d6 15. h3 {½-½ (50) Ninov,N (2600)-Brooks,I (2581) ICCF email 2009}) 8. Bd3 Nc6 9. Nxc6 dxc6 10. Bg5 $146 ({Predecessor:} 10. a3 Bd6 11. Ne2 Nd7 12. f4 e5 13. f5 a5 14. O-O Bc5+ 15. Kh1 {½-½ (23) Shanel,J (2137)-Lechtynsky,J (2442) Stare Mesto 2005}) 10... e5 11. O-O-O Be6 12. Kb1 O-O {[%cal Bh8f8,Bf8d8,Bd8d4][%mdl 32]} 13. Bxf6 gxf6 14. Ne2 Rfd8 15. Ng3 Rd4 16. Nh5 Qd8 17. Be2 Kh8 18. f4 (18. Qb3 $5 {[%cal Rb3b4]} Qe7 19. Rxd4 exd4 20. Qg3 $11) 18... exf4 $1 19. Nxf4 Bc5 20. Nh5 Qd6 21. Nxf6 {[#] And now e5! would win.} Qe5 22. Rhf1 Rad8 23. Nh5 Rxd1+ 24. Rxd1 Rxd1+ 25. Bxd1 Qd4 26. Be2 Bd6 27. Ng3 Bxg3 28. hxg3 Qg1+ 29. Qc1 Qxg2 30. Qe3 Kg7 31. Bd3 h6 32. e5 c5 33. Qf4 Kf8 (33... b5 $5) 34. Qxh6+ Ke8 35. Qh8+ Kd7 {[#] aiming for ...Qd2.The position is equal.} 36. Qb8 Qg1+ 37. Kc2 Qf2+ 38. Kb3 b5 39. Qd6+ Ke8 40. Qb8+ Kd7 41. Qd6+ Ke8 42. Qb8+ {Precision: White = 74%, Black = 73%.} 1/2-1/2

[Event "XIX Sants Open 2017"]
[Site "Cotxeres de Sants"]
[Date "2017.08.27"]
[Round "10"]
[White "Vargas Drechsler, Carlos"]
[Black "Garcia Ruiz, Adrian"]
[Result "0-1"]
[WhiteElo "1913"]
[BlackElo "1940"]
[Annotator "NA RC"]
[PlyCount "48"]
[EventDate "2017.??.??"]
[EventType "swiss"]
[EventCountry "ESP"]
[SourceTitle "playchess.com"]
[Source "ChessBase"]
[SourceQuality "1"]
[TimeControl "40/5400+30:1800+30"]

1. d4 Nf6 2. Nf3 e6 3. c4 d5 4. g3 Be7 5. Bg2 O-O 6. O-O dxc4 7. Ne5 c5 8. Be3 Nd5 9. Nc3 Nc6 10. Nxd5 exd5 11. Nxc6 bxc6 12. dxc5 Qa5 13. Qc2 Bxc5 14. Bxc5 Qxc5 15. Rac1 Re8 16. Rfd1 Rb8 17. b3 Ba6 18. e4 Rbd8 19. Bf1 h6 20. exd5 cxd5 21. bxc4 dxc4 22. Rxd8 Rxd8 23. Bxc4 Bxc4 24. Qxc4 Rd1+ 0-1

[Event "XIX Sants Open 2017"]
[Site "Cotxeres de Sants"]
[Date "2017.08.27"]
[Round "10"]
[White "Urgel Yvorra, Marc"]
[Black "Casset Bello, Elena"]
[Result "0-1"]
[WhiteElo "1857"]
[BlackElo "1936"]
[Annotator "NA RC"]
[PlyCount "64"]
[EventDate "2017.??.??"]
[EventType "swiss"]
[EventCountry "ESP"]
[SourceTitle "playchess.com"]
[Source "ChessBase"]
[SourceQuality "1"]
[TimeControl "40/5400+30:1800+30"]

1. e4 {[%emt 0:01:47]} c6 {[%emt 0:00:47]} 2. d4 {[%emt 0:00:18]} d5 {[%emt 0:00:12]} 3. exd5 {[%emt 0:00:02]} cxd5 {[%emt 0:00:11]} 4. c4 {[%emt 0:00:04]} Nf6 {[%emt 0:03:11]} 5. Nc3 {[%emt 0:00:08]} g6 {[%emt 0:00:15]} 6. Bg5 {[%emt 0:13:02]} Bg7 {[%emt 0:10:20] B14: Caro-Kann: Panov-Botvinnik Attack with 5...e6 and 5...g6} (6... Ne4 7. Nxe4 dxe4 8. Ne2 Bg7 9. Qd2 O-O 10. Rd1 Nc6 11. Be3 Qc7 12. Nc3 Rd8 13. Nb5 Qb8 14. d5 Ne5 15. Be2 a6 {0-1 (40) Ynojosa Aponte,F (2448)-Almasi,Z (2690) Tromsoe 2014}) 7. Qd2 {[%emt 0:12:56]} Nc6 {[%emt 0:05:40]} 8. Nf3 {[%emt 0:04:58]} Ne4 {[%emt 0:02:53]} 9. Nxe4 {[%emt 0:03:48]} dxe4 {[%emt 0:00:22]} 10. d5 {[%emt 0:00:32]} exf3 {[%emt 0:01:15]} 11. dxc6 {[%emt 0:00:14]} Qxd2+ {[%emt 0:00:30]} 12. Bxd2 $146 {[%emt 0:05:58]} ({Predecessor:} 12. Kxd2 h6 13. Bf4 bxc6 14. gxf3 Bf5 15. Re1 Bxb2 16. Bd6 O-O-O {0-1 (16) Moen,A (2235)-Hansen,T (2259) Gausdal 1999}) 12... bxc6 {[%emt 0:00:07]} 13. O-O-O {[%emt 0:00:22]} O-O {[%emt 0:05:02]} 14. Be3 {[%emt 0:16:59]} a5 {[%emt 0:04:54]} 15. b3 {[%emt 0:06:26]} Bg4 {[%emt 0:06:19]} 16. g3 {[%emt 0:05:12]} a4 {[%emt 0:03:18]} 17. b4 {[%emt 0:01:57]} a3 {[%emt 0:03:01]} 18. Kc2 {[%emt 0:00:46]} Rfb8 {[%emt 0:05:11]} 19. Bc5 {[%emt 0:04:21]} Rb7 $11 {[%emt 0:05:40]} ({Black should play} 19... e5 $17 20. Bd3 Be6) 20. Bd3 $1 {[%emt 0:00:27]} Rab8 {[%emt 0:02:13]} 21. Be4 {[%emt 0:01:52]} Bf5 {[%emt 0:03:54]} 22. Bxf5 {[%emt 0:00:32]} gxf5 {[%emt 0:00:01]} 23. Rd3 {[%emt 0:01:14]} Bb2 {[%emt 0:01:37]} 24. Rhd1 {[%emt 0:01:29]} e5 {[%emt 0:06:23]} 25. Rxf3 {[%emt 0:03:16]} Bd4 {[%emt 0:04:31]} 26. Bd6 {[%emt 0:04:49]} Ra8 {[%emt 0:04:10]} 27. Rxf5 {[%emt 0:03:15]} c5 {[%emt 0:03:58]} 28. Bxe5 {[%emt 0:03:09]} Rxb4 {[%emt 0:03:17]} 29. Bxd4 {[%emt 0:03:03]} cxd4 {[%emt 0:00:25]} 30. Rb1 {[%emt 0:01:22]} d3+ {[%emt 0:00:56]} 31. Kc1 {[%emt 0:00:40]} d2+ {[%emt 0:00:07]} 32. Kc2 {[%emt 0:00:21]} Rxb1 {[%emt 0:00:11]} 0-1

[Event "XIX Sants Open 2017"]
[Site "Cotxeres de Sants"]
[Date "2017.08.27"]
[Round "10"]
[White "Abdelkader Garstka, Adam"]
[Black "Segura Ruiz, Carlos"]
[Result "1-0"]
[WhiteElo "1612"]
[BlackElo "1414"]
[Annotator "NA RC"]
[PlyCount "97"]
[EventDate "2017.??.??"]
[EventType "swiss"]
[EventCountry "ESP"]
[SourceTitle "playchess.com"]
[Source "ChessBase"]
[SourceQuality "1"]
[TimeControl "40/5400+30:1800+30"]

1. e4 c6 2. Nf3 d5 3. exd5 cxd5 4. d4 Bg4 5. Be2 e6 6. h3 Bh5 7. c3 a6 8. O-O b5 9. Re1 Nf6 10. Nbd2 Nc6 11. Nb3 Be7 12. Bf4 O-O 13. Ne5 Bxe2 14. Qxe2 Qc8 15. Nd2 Na5 16. Rec1 Nc4 17. Nexc4 dxc4 18. b3 Nd5 19. Be3 cxb3 20. Nxb3 Nb6 21. Rab1 Nc4 22. Nd2 Rb8 23. Bf4 Nxd2 24. Qxd2 Rb6 25. c4 Rc6 26. cxb5 axb5 27. Rxb5 Qa6 28. Qa5 Rxc1+ 29. Bxc1 Qc6 30. Bf4 Bd6 31. d5 exd5 32. Bxd6 Qxd6 33. Rxd5 Qc6 34. Qd2 h6 35. Rd8 Rxd8 36. Qxd8+ Kh7 37. Qd3+ g6 38. Qd2 Kg7 39. g3 Qe6 40. Kh2 Qb6 41. a4 Qa7 42. a5 Kh7 43. h4 h5 44. Kg1 Kg8 45. Qd8+ Kg7 46. Qb6 Qe7 47. a6 Qe1+ 48. Kh2 g5 49. Qe3 1-0

[Event "XIX Sants Open 2017"]
[Site "Cotxeres de Sants"]
[Date "2017.08.27"]
[Round "10"]
[White "Siegel, Rainer"]
[Black "Forte Esparza, Miguel"]
[Result "1-0"]
[WhiteElo "1551"]
[BlackElo "1602"]
[Annotator "NA RC"]
[PlyCount "93"]
[EventDate "2017.??.??"]
[EventType "swiss"]
[EventCountry "ESP"]
[SourceTitle "playchess.com"]
[Source "ChessBase"]
[SourceQuality "1"]
[TimeControl "40/5400+30:1800+30"]

1. d3 {[%emt 0:00:38]} g6 {[%emt 0:06:53]} 2. Nd2 {[%emt 0:03:07]} c5 {[%emt 0:00:10]} 3. Ngf3 {[%emt 0:00:50]} Bg7 {[%emt 0:00:10]} 4. e4 {[%emt 0:00:25]} Nf6 {[%emt 0:00:39]} 5. Be2 {[%emt 0:05:02]} d5 {[%emt 0:02:28]} 6. c3 {[%emt 0:03:01]} dxe4 {[%emt 0:00:39]} 7. dxe4 {[%emt 0:00:17]} O-O {[%emt 0:00:18]} 8. O-O {[%emt 0:00:28]} Nc6 {[%emt 0:00:37]} 9. Qc2 {[%emt 0:00:46]} a6 {[%emt 0:05:55]} 10. Nb3 {[%emt 0:02:09]} b6 {[%emt 0:01:03]} 11. Bg5 {[%emt 0:01:46]} Re8 {[%emt 0:05:21]} 12. Rad1 {[%emt 0:02:51]} Qc7 {[%emt 0:00:32]} 13. Rfe1 {[%emt 0:02:14]} Bb7 {[%emt 0:01:32]} 14. Bh4 {[%emt 0:20:53]} Nd8 {[%emt 0:18:27]} 15. e5 {[%emt 0:08:45]} Nd7 {[%emt 0:04:32]} 16. Bg3 {[%emt 0:01:21]} e6 {[%emt 0:03:29]} 17. Nbd2 {[%emt 0:02:02]} Nc6 {[%emt 0:04:02]} 18. Nc4 {[%emt 0:01:18]} Ndxe5 {[%emt 0:14:05]} 19. Nfxe5 {[%emt 0:07:09]} Nxe5 {[%emt 0:08:07]} 20. Nd6 {[%emt 0:10:58]} Red8 {[%emt 0:03:45]} 21. Nxb7 {[%emt 0:00:55]} Qxb7 {[%emt 0:00:55]} 22. Bxe5 {[%emt 0:02:51]} Bxe5 {[%emt 0:02:48]} 23. Bf3 {[%emt 0:02:22]} Qc7 {[%emt 0:00:20]} 24. Bxa8 {[%emt 0:01:17]} Rxa8 {[%emt 0:00:06]} 25. g3 {[%emt 0:06:59]} Bg7 {[%emt 0:01:37]} 26. Qd3 {[%emt 0:00:37]} b5 {[%emt 0:01:38]} 27. Qd7 {[%emt 0:01:39]} Qxd7 {[%emt 0:03:38]} 28. Rxd7 {[%emt 0:00:05]} c4 {[%emt 0:00:16]} 29. Red1 {[%emt 0:00:29]} Bf6 {[%emt 0:00:15]} 30. Rb7 {[%emt 0:00:24]} Rf8 {[%emt 0:03:20]} 31. Ra7 {[%emt 0:01:42]} b4 {[%emt 0:00:12]} 32. Rxa6 {[%emt 0:00:50]} bxc3 {[%emt 0:00:28]} 33. bxc3 {[%emt 0:00:19]} Bxc3 {[%emt 0:00:31]} 34. Rc1 {[%emt 0:00:40]} Be5 {[%emt 0:02:58]} 35. Rxc4 {[%emt 0:00:17]} Rb8 {[%emt 0:00:43]} 36. Rac6 {[%emt 0:01:14]} Rb1+ {[%emt 0:02:50]} 37. Kg2 {[%emt 0:00:54]} Ra1 {[%emt 0:00:12]} 38. a4 {[%emt 0:00:33]} Kg7 {[%emt 0:00:18]} 39. R6c5 {[%emt 0:01:01]} Bf6 {[%emt 0:01:05]} 40. Re4 {[%emt 0:00:00]} Bd8 {[%emt 0:01:35]} 41. Rc8 {[%emt 0:04:29]} Bb6 {[%emt 0:01:42]} 42. Rc2 {[%emt 0:00:19]} Kf6 {[%emt 0:04:20]} 43. Kf3 {[%emt 0:01:26]} h5 {[%emt 0:04:57]} 44. h4 {[%emt 0:01:05]} Ke7 {[%emt 0:04:40]} 45. Rc6 {[%emt 0:01:46]} Ra3+ {[%emt 0:01:51]} 46. Kg2 {[%emt 0:00:53]} Bd8 {[%emt 0:00:40]} 47. Ra6 {[%emt 0:01:04]} 1-0